• 首页
  • 本馆介绍
  • 公告通知
  • 最新文献
  • 馆藏检索
  • 电子资源
  • 读者导购
  • 参考咨询
  • 我的图书馆
  • 登录
  • 详细信息显示
  • 放入我的书架
  • 预约/预借图书
  • 作者相关作品
  • 分类相关作品
  • 丛书相关作品
  • 出版社相关作品

书目信息

  • 表格格式
  • 工作单格式
  • 卡片格式
题名:
冠状动脉再狭窄的理论与实践
    
 
作者: 陈金明 , 吴宗贵 主编
分册:  
出版信息: 上海   第二军医大学出版社  1999.09
页数: 237页
开本: 19cm
丛书名:
单 册:
中图分类: R543.3
科图分类:
主题词: 心脏血管疾病
电子资源:
ISBN: 7-81060-016-8
000 00685nam0 2200205 450
001 0738646106
005 20071214104518.00
010    @a7-81060-016-8@dCNY14.50
100    @a20071214d1999 km y0chiy0120 ea
101 0  @achi
200 1  @a冠状动脉再狭窄的理论与实践@Aguan zhuang dong mai zai xia zhai de li lun yu shi jian@f陈金明,吴宗贵主编@Fchen jin ming,wu zong gui zhu bian
210    @a上海@c第二军医大学出版社@d1999.09
215    @a237页@d19cm
606 0  @a心脏血管疾病
690    @aR543.3@v4
701  0 @a陈金明@Achen jin ming@4主编
701  0 @a吴宗贵@Awu zong gui@4主编
801  0 @aCN@b大连网信软件有限公司图书馆@c20071214
905    @aBZT@dR543.3@e4
906    @dCNY14.50@n0@r1
    
    冠状动脉再狭窄的理论与实践/陈金明,吴宗贵主编.-上海:第二军医大学出版社,1999.09
    237页;19cm
    
    
    ISBN 7-81060-016-8:CNY14.50
    
●
相关链接 在五车中查询图书 在当当中查询图书 在豆瓣中查询图书


正题名:冠状动脉再狭窄的理论与实践     索取号:R543.3/4         预约/预借

序号 登录号 条形码 馆藏地/架位号 状态 备注
1 641405   2000641405   中心书库中库/ 中库009架B面5列2层42/ [索取号:R543.3/4] 在馆    
2 641406   2000641406   中心书库中库/ 中库009架B面5列2层43/ [索取号:R543.3/4] 在馆    
3 641407   2000641407   中心书库中库/ 中库009架B面5列2层44/ [索取号:R543.3/4] 在馆    
4 641408   2000641408   中心书库中库/ 中库009架B面5列2层36/ [索取号:R543.3/4] 在馆    
5 641409   2000641409   中心书库中库/ 中库009架B面5列2层45/ [索取号:R543.3/4] 在馆    
6 641410   2000641410   中心书库中库/ 中库009架B面5列2层37/ [索取号:R543.3/4] 在馆    
7 641411   2000641411   中心书库中库/ 中库009架B面5列2层38/ [索取号:R543.3/4] 在馆    
8 641412   2000641412   中心书库中库/ 中库009架B面5列2层39/ [索取号:R543.3/4] 在馆    
9 641413   2000641413   中心书库中库/ 中库009架B面5列2层40/ [索取号:R543.3/4] 在馆    
10 641414   2000641414   中心书库中库/ 中库009架B面5列2层41/ [索取号:R543.3/4] 在馆    
山东省滨州职业学院图书馆 欢迎您!
大连网信软件有限公司© 版权所有